Los Movimientos femeninos en Centroamérica: 1970 - 1983

שמור ב:
מידע ביבליוגרפי
מחבר ראשי: Navas, María Candelaria
פורמט: Texto
יצא לאור: s.l: s.e.
תגים: הוספת תג
אין תגיות, היה/י הראשונ/ה לתייג את הרשומה!

MARC

LEADER 00000 a a2200000 04500
001 25242
003
040
090 |a 180500  
100 |a Navas, María Candelaria  
245 |a Los Movimientos femeninos en Centroamérica: 1970 - 1983  
260 |a s.l:   |b s.e.  
300 |a 63 p   |b **no definido**  
999 |c 12824  |d 12824